| 000 | 00364nam a2200145Ia 4500 | ||
|---|---|---|---|
| 005 | 20250402210015.0 | ||
| 008 | 240331s9999 xx 000 0 und d | ||
| 082 |
_bSUJ _a894 |
||
| 100 | _aSujatha | ||
| 245 | 0 | _aOre oru thurokam | |
| 260 |
_aNagepatinam _bKumari pathippagam _c1992 |
||
| 300 | _a191 p ., | ||
| 500 | _aKudumbathaiy maya paduthiya kadai | ||
| 942 | _cL | ||
| 999 |
_c4120 _d4120 |
||